000 01449nam a2200409 i 4500
001 44510
003 KOSZ 005
005 20240405063146.0
008 040322s2004 pl a |000 0 pol
015 _aPB 2004/6166
020 _a8386990767
035 _a(OCoLC)69585552
040 _aWA N
_cWA N
_dKOSZ 005/HR
041 0 _apol
_arus
046 _k2004
080 _a640.41/.42(438)"1989/..."
245 0 0 _aHotelarstwo w Polsce :
_bstan i kierunki rozwoju w przededniu wejścia do Unii Europejskiej /
_cred. naukowa Janusz Merski, Czesław Witkowski ; Wyższa Szkoła Ekonomiczna w Warszawie.
260 _aWarszawa :
_bWSE,
_c2004.
300 _a423 s. :
_bmapa, tab., wykr. ;
_c24 cm.
336 _2rdacontet
_aTekst
_btxt
337 _2rdamedia
_aBez urządzenia pośredniczącego
_bn
338 _2rdacarrier
_aWolumin
_bnc
380 _aKsiążki
388 _a2001-
504 _aBibliogr. przy rozdz.
546 _aTekst częśc. ros.
648 4 _a2001-
658 _aGospodarka, ekonomia, finanse
648 4 _a1901-2000
648 4 _a1989-2000
650 4 _aHotelarstwo
710 2 _aWyższa Szkoła Ekonomiczna (Warszawa).
_4pbl.
700 1 _aWitkowski, Czesław
_c(ekonomia)
_eRedakcja
700 1 _aMerski, Janusz
_d(1941- )
_eRedakcja
856 _uhttp://koha.tu.koszalin.pl/cgi-bin/koha/opac-detail.pl?biblionumber=44510
_yKatalog online BPK
942 _2UKD
_cKS
999 _c44510
_d44510